000 01438nam0a2200313 4500
001 RU\NLR\BIBL_A\022543000
005 20250626104333.0
010 _a978-5-93091-464-1
_9500
021 _aRU
_bКН-П-25-008578
_9КН-П-25-0849
035 _a(NLR Aleph) 022543000
090 _a13429575
_c13429575
100 _a20250516d2021 k y0rusy50 ca
101 0 _atat
102 _aRU
105 _ay z 000 y
181 0 _ai
_baxxe
182 0 _an
200 1 _aТатар вакытлы матбугаты сәхифәләрендә Төркестан
_eXX гасыр башы
_fТатарстан Респ. ФА., Г. Ибраһимов исем. Тел, әдәбият һәм сәнгать ин-ты
_g[төз.: Л. Ш. Гарипова, И. Г. Гомәров]
203 _aТекст
_bвизуальный
_cнепосредственный
210 _aКазан
_cТӘһСИ
_d2021
215 _a237,[2] б.
_d21
225 1 _aЧит илләрдәге татарларның тарихи-мәдәни мирасы
_dКультурно-историческое наследие татар зарубежья
_v3 нче кит.
541 1 _aТуркестан на страницах татарской периодической печати
_eначало XX века.
_zrus
686 1 _aТ3(257)5
686 1 _aТ3(29=Т)
702 1 _aГарипова
_bЛ. Ш. кызы
_4220
942 _cBOOK
980 _aNB